• 首页
  • 本馆介绍
  • 公告通知
  • 最新文献
  • 馆藏检索
  • 电子资源
  • 读者导购
  • 参考咨询
  • 我的图书馆
  • 登录
  • 详细信息显示
  • 放入我的书架
  • 预约/预借图书
  • 作者相关作品
  • 分类相关作品
  • 丛书相关作品
  • 出版社相关作品

书目信息

  • 表格格式
  • 工作单格式
  • 卡片格式
题名:
最新日本语能力测试2级考点透析与突破
    
 
作者: 王国华 , 韩云冬 主编
分册:   读解
出版信息: 大连   大连出版社  2006
页数: 201页
开本: 26cm
丛书名:
单 册:
中图分类: H360.42 , H369.4
科图分类:
主题词: 日语--水平考试--自学参考资料 , 日语--阅读教学--水平考试--自学参考资料 , 日语 , 阅读教学
电子资源:
ISBN: 978-7-80684-379-6
000 01243nam0 2200301 450
001 003196848
005 20220927164416.72
010    @a978-7-80684-379-6@dCNY19.00
035    @a003196848
100    @a20060113e20072006em y0chiy0110 ea
101 0  @achi@ajpn
102    @aCN@b210000
105    @ay z 000yy
200 1  @a最新日本语能力测试2级考点透析与突破@Azui xin ri ben yu neng li ce shi 2 ji kao dian tou xi yu tu po@i读解@Idou jie@f王国华,韩云冬主编@Fwang guo hua, han yun dong zhu bian
210    @a大连@c大连出版社@d2006@h2007重印
215    @a201页@d26cm
300    @a大连出版社最新日本语能力测试用书 根据能力测试出题基准“最新修订版”编写
330    @a本书包括:第一部分“2级短文读解考点透析”,针对历年2级能力测试读解的出题类型,归纳总结出10个专题;第二部分“2级长篇读解考点透析”,将长篇读解根据文章体裁分设5个专题;第三部分“考前冲刺仿真实践”,编写了16套仿真测试题。
606 0  @a日语@x水平考试@j自学参考资料
606 0  @a日语@x阅读教学@x水平考试@j自学参考资料
606 0  @a日语
606 0  @a阅读教学
690    @aH360.42@v4
690    @aH369.4@v4
701  0 @a王国华@Awang guo hua@c(日语教学)@4主编
701  0 @a韩云冬@Ahan yun dong@c(日语)@4主编
801  0 @aCN@bNLC@c20070807
905    @dH360.42@e433@f5
    
    最新日本语能力测试2级考点透析与突破.读解/王国华,韩云冬主编.-大连:大连出版社,2006(2007重印)
    201页;26cm
    大连出版社最新日本语能力测试用书 根据能力测试出题基准“最新修订版”编写
    
    ISBN 978-7-80684-379-6:CNY19.00
    本书包括:第一部分“2级短文读解考点透析”,针对历年2级能力测试读解的出题类型,归纳总结出10个专题;第二部分“2级长篇读解考点透析”,将长篇读解根据文章体裁分设5个专题;第三部分“考前冲刺仿真实践”,编写了16套仿真测试题。
●
相关链接 在E读中查询图书 在五车中查询图书 在当当中查询图书 在豆瓣中查询图书


正题名:最新日本语能力测试2级考点透析与突破     索取号:H360.42/433         预约/预借

序号 登录号 条形码 馆藏地/架位号 状态 备注
1 0853723   208537234   第二样本阅览室/ [索取号:H360.42/433] 在馆    
2 0853724   208537243   第四借阅区/ [索取号:H360.42/433] 在馆    
3 0853725   208537252   第四借阅区/ [索取号:H360.42/433] 在馆    
4 0853726   208537261   第四借阅区/ [索取号:H360.42/433] 在馆    
5 0853727   208537270   第四借阅区/ [索取号:H360.42/433] 在馆    
唐山师范学院图书馆 欢迎您!
大连网信软件有限公司© 版权所有